Statistics for Brooklyn Nets All-Time Roster

Click here to take the quiz!

General Stats

  • This quiz has been taken 443 times
  • The average score is 6 of 12

Answer Stats

PostPlayer% Correct
PGJason Kidd
93%
CBrook Lopez
85%
SFJulius Erving
83%
SGVince Carter
73%
PFBuck Williams
66%
BNDeron Williams
66%
BNRichard Jefferson
47%
BNDrazen Petrovic
38%
BNKenyon Martin
37%
BNDerrick Coleman
33%
BNKeith Van Horn
20%
BNRick Barry
8%

Score Distribution

Percentile by Number Answered

Percent of People with Each Score

Your Score History

You have not taken this quiz